| 000 | nam a22 a 4500 | ||
|---|---|---|---|
| 999 |
_c1793 _d1793 |
||
| 003 | AKMAL | ||
| 005 | 20170512091324.0 | ||
| 008 | 170512s1998 myw 00 eng d | ||
| 020 | _cRM20.00 (pbk.) | ||
| 040 |
_aAKMAL _cAKMAL |
||
| 043 | _aa-my--- | ||
| 049 | 0 | 0 | _amal |
| 082 | 0 | 4 |
_a338.9595 NAT _221 |
| 090 | 0 | 0 |
_a338.9595 _bNAT |
| 110 | 2 |
_aMajlis Tindakan Ekonomi Negara _93706 |
|
| 245 | 1 | 0 |
_aNational economic recovery plan : _bagenda for action / _cNational Economic Action Council |
| 260 |
_aKuala Lumpur : _bUnit Perancang Ekonomi, Jabatan Perdana Menteri, _c1998 |
||
| 300 | 0 | 0 |
_axiii, 229p. ; _c27cm |
| 650 | 0 |
_aEconomic stabilization _zMalaysia _93707 |
|
| 651 | 0 |
_aMalaysia _xEconomic policy _y21st century _9148 |
|
| 710 | 2 |
_aJabatan Perdana Menteri. _bUnit Perancang Ekonomi _9504 |
|
| 710 | 2 |
_aNational Economic Action Council _93708 |
|
| 942 |
_2ddc _cBOOK |
||